New methods of mental health care / (Record no. 125876)

MARC details
000 -LEADER
fixed length control field 00687nam a22002297a 4500
005 - DATE AND TIME OF LATEST TRANSACTION
control field 20170124110001.0
010 ## - LIBRARY OF CONGRESS CONTROL NUMBER
LC control number A-071988
020 ## - INTERNATIONAL STANDARD BOOK NUMBER
Terms of availability 00.00
035 ## - SYSTEM CONTROL NUMBER
System control number A-071988
037 ## - SOURCE OF ACQUISITION
Source of stock number/acquisition Cen Lib/Ret
040 ## - CATALOGING SOURCE
Original cataloging agency DPL
Language of cataloging EN
082 ## - DEWEY DECIMAL CLASSIFICATION NUMBER
Classification number 362.20941
Item number NEW
245 ## - TITLE STATEMENT
Title New methods of mental health care /
Statement of responsibility, etc edited by Molly Meacher
260 ## - PUBLICATION, DISTRIBUTION, ETC. (IMPRINT)
Place of publication, distribution, etc Oxford
Name of publisher, distributor, etc Pergamon Press
Date of publication, distribution, etc 1979
270 ## - ADDRESS
Address Headington Hill Hall
City England
300 ## - PHYSICAL DESCRIPTION
Extent xv, 233p.
Dimensions 20cm(Hb)
500 ## - GENERAL NOTE
General note Includes index
650 ## - SUBJECT ADDED ENTRY--TOPICAL TERM
Topical term or geographic name as entry element Mental health services-Great Britain
9 (RLIN) 15834
650 ## - SUBJECT ADDED ENTRY--TOPICAL TERM
Topical term or geographic name as entry element Mentally ill--Rehabilitation
9 (RLIN) 15835
700 ## - ADDED ENTRY--PERSONAL NAME
Personal name Meacher,Molly
9 (RLIN) 85319
942 ## - ADDED ENTRY ELEMENTS (KOHA)
Source of classification or shelving scheme Dewey Decimal Classification
Koha item type English Books
Classification part 362.20941
Call number suffix NEW
Holdings
Withdrawn status Lost status Damaged status Not for loan Home library Current library Date acquired Source of acquisition Cost, normal purchase price Total Checkouts Full call number Barcode Date last seen Copy number Cost, replacement price Price effective from Koha item type Public note
Written off       Central Library Central Library 23/06/2015 Cen Lib/Ret 0.00   362.20941 NEW A-071988 23/06/2015 1 0.00 23/06/2015 English Books Written off on approval by DLB (By Circulation); dtd 15-06-2023

© Delhi Public Library
Hit Counter
free hit counter